000358956 001__ 358956
000358956 005__ 20250408173035.0
000358956 0247_ $$2I:(DE-82)512110_20140620$$aG:(BMWK)03EI5009C$$d03EI5009C
000358956 035__ $$aG:(BMWK)03EI5009C
000358956 150__ $$aVerbundvorhaben: GENESIS - EnerGieeffiziENtE KreiSlaufwirtschaft krItischer RohStoffe; Teilvorhaben: Aufbereitungstechnische Untersuchungen zur Rezyklierung von Magneten und HSS-haltigen Spanabfällen sowie Bewertung von zirkulären Wertschöpfungsmaßnahmen$$y2022-02-01 - 2025-05-31
000358956 450__ $$aBMWK 03EI5009C$$wd$$y2022-02-01 - 2025-05-31
000358956 5101_ $$0I:(DE-588b)1249079764$$aBundesministerium für Wirtschaft und Klimaschutz$$bBMWK
000358956 909CO $$ooai:juser.fz-juelich.de:1041308$$pauthority:GRANT$$pauthority
000358956 909CO $$ooai:juser.fz-juelich.de:1041308
000358956 980__ $$aG
000358956 980__ $$aAUTHORITY